000 00592cam a22002054a 4500
005 20250605164128.0
008 250528s ||||||||||||||||||||||||d
035 _a18551
020 _a8887058326
040 _aGR-AtMCL
_bgre
_dGR-AtMCL
_eAACR2
245 1 _aStile Italiano / Pier Paolo Pitacco. Twenty Years Graphic Design in Italian Fashion
260 _c2000
300 _a128
520 _aNew Ways of Writing About Fashion, Body and Soul, Company Stories.
700 1 _aLupetti
_94816
700 1 _aMorozzi Cristina
_94817
942 _cBK
999 _c3902
_d3902